Catálogo

SISTEMAS JURIDICOS CONTEMPORANEOS. (Registro nro. 52074)

Detalles MARC
000 -LEADER
fixed length control field 00988nam a2200253 a 4500
001 - CONTROL NUMBER
control field 52074
005 - DATE AND TIME OF LATEST TRANSACTION
control field 20180714041757.0
008 - FIXED-LENGTH DATA ELEMENTS--GENERAL INFORMATION
fixed length control field 140415s2006 mx 000 0 spa d
020 ## - INTERNATIONAL STANDARD BOOK NUMBER
International Standard Book Number 9700767825
041 ## - LANGUAGE CODE
Language code of text/sound track or separate title spa
082 ## - DEWEY DECIMAL CLASSIFICATION NUMBER
Classification number 340.5
Item number SIR
100 1# - MAIN ENTRY--PERSONAL NAME
Personal name SIRVENT GUTIERREZ, CONSUELO
245 10 - TITLE STATEMENT
Title SISTEMAS JURIDICOS CONTEMPORANEOS.
250 ## - EDITION STATEMENT
Edition statement 1a ed.
260 ## - PUBLICATION, DISTRIBUTION, ETC.
Place of publication, distribution, etc. MEXICO :
Name of publisher, distributor, etc. PORRUA,
Date of publication, distribution, etc. 2006.
300 ## - PHYSICAL DESCRIPTION
Extent 238 ;
Dimensions 25 cm.
336 3# - CONTENT TYPE
Content type term texto
Source rdacontent
337 ## - MEDIA TYPE
Media type term sinmediación
Source rdamedia
338 ## - CARRIER TYPE
Carrier type term volumen
Source rdacarrier
490 ## - SERIES STATEMENT
Series statement CIENCIA
520 ## - SUMMARY, ETC.
Summary, etc. LA GLOBALIZACION IMPLICA LA NECESIDAD DE CONOCER LOS SISTEMAS JURIDICOS EXISTENTES EN EL MUNDO, LO CUAL RESULTA DIFICIL YA QUE CADA PAÍS TIENE EL PROPIO. ENCONTRAMOS DIFERENCIAS ENTRE ELLOS PERO TAMBIEN APRECIAMOS SEMEJANZAS Y RASGOS COMUNES QUE NOS PERMITEN AGRUPARLOS EN CATEGORÍAS O FAMILIAS.
650 14 - SUBJECT ADDED ENTRY--TOPICAL TERM
Topical term or geographic name entry element DERECHO ROMANO
General subdivision DERECHO
-- HISTORIA
700 1# - ADDED ENTRY--PERSONAL NAME
Personal name MARGADANT S., GUILLERMO F.
Relator term pról.
Existencias
Withdrawn status Lost status Source of classification or shelving scheme Damaged status Not for loan Collection code Home library Current library Shelving location Date acquired Source of acquisition Total Checkouts Full call number Barcode Date last seen Price effective from Koha item type Inventory number Date last checked out
    Dewey Decimal Classification     General Biblioteca Karol Wojtyla Biblioteca Karol Wojtyla Sala general 03/12/2013 Compra   340.5 SIR 77449 05/01/2026 03/12/2013 Libro 151000000000000000050597 10/09/2016
    Dewey Decimal Classification   Consulta en sala General Tehuacán Tehuacán Sala general 17/03/2017 Compra   340.5 SIR 2000 510514 08/01/2025 17/03/2017 Reserva permanente